000
00309nam a22001457a 4500
020
_a
0-07-043602-9
041
_a
ENG
100
_a
Everest.G.C
245
_a
Database Management
250
_a
3rd
260
_a
New Delhi
_b
Tata McGraw Hill
_c
2003
300
_a
816
650
_a
M.Tech
856
_u
M.Tech ( 7 )
999
_c
1016
_d
1016